Quiz da República Checa - Statistics

Estatísticas Gerais
  • Esse quiz foi jogado 814 vezes
  • A pontuação média é 11 de 20
Estatísticas das Respostas
Dica Resposta % Correto
Capital Praga
96%
Países fazendo fronteira com a República Checa Alemanha
91%
Países fazendo fronteira com a República Checa Eslováquia
90%
Países fazendo fronteira com a República Checa Áustria
89%
Países fazendo fronteira com a República Checa Polônia
88%
A República Checa fazia parte deste país até 1993 Checoslováquia
80%
Esporte mais popular Futebol
76%
País que invadiu a região em 1968 União Soviética
70%
Versão curta do nome "República Checa" Chéquia
69%
Império do qual a República Checafazia parte entre 1002 e 1806 d.C. Sacro Império Romano- -Germânico
59%
Maior grupo étnico Eslavos
47%
Moeda oficial Coroa
43%
Maior região Boémia
40%
Cidade conhecida por sua cerveja Plzeň
37%
Segunda maior cidade Brno
28%
Maior produtora de automóveis Škoda Auto
28%
Ponte famosa no acima Ponte {Carlos}
27%
Monstro antropomórfico feito deargila que, segundo o folclore judaico, foi criado na região Golem
24%
Rio que nasce nas Montanhas dosGigantes e vai para o Mar do Norte Elba
23%
Escritor que foi presidente entre 1993 e 2003 Václav Havel
16%
Nenhum quiz correspondente encontrado
Distribuição das Pontuações
Porcentagem de Pessoas com Cada Pontuação
Percentil de Números Respondidos
Sua Pontuação Histórica
Você não jogou esse quiz